00438nam a2200145Ia 450000500170000000800410001702000150005808200170007310000200009024500920011026000280020230000170023065000260024765000190027320240717041435.0240331s9999 xx 000 0 und d a0415194482 a200.042bWES aWesterkamp, M.J 0aWomen and religion in early America :b1600-1850 the puritan and evangelical traditions aLondonbRoutledgec1999 aix, 219 p ., aWoman in Christianity aChurch History